MARC

LEADER 00000nam0a2200000 4500
001 332899
005 20231102004512.0
035 |a (RuTPU)RU\TPU\book\358889 
035 |a RU\TPU\book\358787 
090 |a 332899 
100 |a 20170602d1981 k y0rusy50 ca 
101 0 |a rus 
102 |a RU 
105 |a a z 001zy 
200 1 |a Экспериментальные гидрологические исследования на Валдае  |e [сборник трудов]  |f Государственный гидрологический институт (ГГИ) ; под ред. В. С. Голубева, Н. А. Ливановой 
210 |a Ленинград  |c Гидрометеоиздат  |d 1981 
215 |a 123 с.  |c ил. 
225 1 |a Труды гидрологического института  |v Вып. 279 
320 |a Библиография в конце статей 
606 1 |a Гидрологические наблюдения  |2 stltpush  |3 (RuTPU)RU\TPU\subj\66650  |9 82701 
610 1 |a прогнозы 
610 1 |a осадки 
610 1 |a радиолокаторы 
610 1 |a осадкомеры 
610 1 |a измерения 
610 1 |a расчеты 
610 1 |a Валдай 
610 1 |a речное русло 
675 |a 556.04  |v 4 
702 1 |a Голубев  |b В. С.  |4 340 
702 1 |a Ливанова  |b Н. А.  |4 340 
712 0 2 |a Государственный гидрологический институт (ГГИ)  |c (Санкт-Петербург)  |2 stltpush  |3 (RuTPU)RU\TPU\col\7764 
801 1 |a RU  |b 63413507  |c 20140917 
801 2 |a RU  |b 63413507  |c 20170605  |g RCR 
942 |c BK